Gran Galà del calcio AIC 2017 - Statistics

Statistiche generali
  • Questo quiz è stato fatto 82 volte
  • Il punteggio medio è 13 su 16
Statistiche sulle risposte
Categoria Nazione Squadra Calciatore % Corretto
Squadra dell'anno: Portiere Italia Juventus Gianluigi Buffon
100%
Squadra dell'anno: Difensore Italia Juventus Leonardo Bonucci
99%
Squadra dell'anno: Attaccante Argentina Juventus Gonzalo Higuaín
96%
Squadra dell'anno: Attaccante Argentina Juventus Paulo Dybala
96%
Squadra dell'anno: Attaccante Belgio Napoli Dries Mertens
94%
Squadra dell'anno: Difensore Senegal Napoli Kalidou Koulibaly
94%
Squadra dell'anno: Centrocampista Slovacchia Napoli Marek Hamšík
94%
Squadra dell'anno: Centrocampista Bosnia ed Erzegovina Juventus Miralem Pjanić
94%
Squadra dell'anno: Difensore Brasile Juventus Dani Alves
87%
Miglior società - - Juventus
87%
Migliore allenatore Italia Napoli Maurizio Sarri
87%
Squadra dell'anno: Centrocampista Belgio Roma Radja Nainggolan
87%
Squadra dell'anno: Difensore Brasile Juventus Alex Sandro
85%
Migliore calciatore assoluto Italia Juventus Gianluigi Buffon
85%
Migliore arbitro - - Nicola Rizzoli
28%
Migliore calciatore della Serie B Italia Benevento Alessio Cragno
4%
Nessun quiz corrispondente trovato
Distribuzione punteggi
Percentuale di utenti per punteggio
Percentile per numero di risposta
I tuoi punteggi nel tempo
Non hai fatto questo quiz